GETS Theological Seminary Library

圣经文学研究. 第十辑. 2015春 (Record no. 16940)

MARC details
000 -LEADER
fixed length control field 00637nam a2200205Ia 4500
008 - FIXED-LENGTH DATA ELEMENTS--GENERAL INFORMATION
fixed length control field 200824s9999||||xx |||||||||||||| ||und||
020 ## - INTERNATIONAL STANDARD BOOK NUMBER
International Standard Book Number 7020107427
020 ## - INTERNATIONAL STANDARD BOOK NUMBER
International Standard Book Number 9787020107421
041 ## - LANGUAGE CODE
Language code of text/sound track or separate title chi
050 ## - LIBRARY OF CONGRESS CALL NUMBER
Classification number BS535
Item number .S537 2015
245 #0 - TITLE STATEMENT
Title 圣经文学研究. 第十辑. 2015春
Remainder of title /
Statement of responsibility, etc. 梁工, 程小娟
246 ## - VARYING FORM OF TITLE
Title proper/short title 聖經文學研究. 第十輯. 2015春
Remainder of title /
260 ## - PUBLICATION, DISTRIBUTION, ETC.
Place of publication, distribution, etc. 北京:
Name of publisher, distributor, etc. 人民文学出版社
Date of publication, distribution, etc. 2015
300 ## - PHYSICAL DESCRIPTION
Extent 385 p.
Other physical details ;
Dimensions 21 cm.
650 ## - SUBJECT ADDED ENTRY--TOPICAL TERM
Topical term or geographic name entry element Bible -- Criticism, interpretation, etc. -- Periodicals.
650 ## - SUBJECT ADDED ENTRY--TOPICAL TERM
Topical term or geographic name entry element Bible as literature -- Periodicals.
700 ## - ADDED ENTRY--PERSONAL NAME
Personal name 梁工
700 ## - ADDED ENTRY--PERSONAL NAME
Personal name 程小娟
Holdings
Withdrawn status Lost status Damaged status Not for loan Home library Current library Shelving location Date acquired Total Checkouts Full call number Barcode Date last seen Price effective from Koha item type
        GETS Theological Seminary Library GETS Theological Seminary Library General Stacks 08/24/2020   BS535 .S537 2015 00005123 08/24/2020 08/24/2020 Chinese Book
OpacCredits

Contact the Librarian, GETS Library
Email: library@mygets.org









Implemented by GETS Library
(Powered by ETCA Professional Group)
GETS Theological Seminary
412 E. Rowland Street, CA 91723